| 000 | 00411nam a2200133Ia 4500 | ||
|---|---|---|---|
| 003 | GCL | ||
| 008 | 140319s9999 xx 000 0 ara d | ||
| 040 |
_aGCL / _cGCL |
||
| 082 | 0 | 4 |
_a657.46 _bا ت |
| 100 | 1 | _aامين السيد احمد لطفى | |
| 245 | 1 | 0 |
_aتحليل وتقييم الحوافز والاعفاءات الضريبية / _cامين السيد احمد لطفى |
| 300 | _a280 ص | ||
| 490 | _a | ||
| 999 |
_c48262 _d48262 |
||